Größte Deutsche Städte - Whammies - Statistiken

Allgemein
  • Dieses Quiz wurde 19.247 mal gespielt
  • Das Durchschnittsergebnis liegt bei 12 aus 15
Antwortstatistiken
Stadt % Korrekt
Berlin
100%
Hamburg
99%
München
99%
Köln
96%
Frankfurt am Main
91%
Stuttgart
89%
Düsseldorf
87%
Dortmund
81%
Bremen
80%
Leipzig
78%
Dresden
77%
Hannover
70%
Nürnberg
67%
Essen
62%
Duisburg
43%
Keine übereinstimmenden Quizze gefunden
Verteilung der Resultate
Anzahl Personen mit jedem Resultat
Perzentil nach korrekt beantworteten Fragen
Ihre Resultats-Entwicklung
Sie haben dieses Quiz noch nicht gespielt